000 00454nam a2200145 4500
020 _a978-607-15-0260-5
050 _aHC28 B116 2010
082 _a658.404 B113e
100 _aBaca Urbina, Gabriel
245 _aEvaluación de Proyectos / Gabriel Baca Urbina
250 _a6
260 _aMéxico : McGraw-Hill
300 _axii, 318 p. / 27 cm.
650 _a1. EVALUACIÓN DE PROYECTOS / 2. PROYECTOS INDUSTRIALES / 3. PROYECTOS DE DESARROLLO ECONOMICO
999 _c26146
_d26146